000 00625nam a22002417a 4500
003 UA-OsUOA
001 62408
007 ta
008 20090825b un ||||| |||| 00| 0 ukr d
100 _aГорчаков О.
700 _aПшимановский Я.
090 _a821.161.1
_bГ70
942 _cBK
040 _aUA-OsUOA
_brus
_cUA-OsUOA
_dUA-OsUOA
245 _aВызываем огонь на себя
300 _a237 с.
955 _a2
041 _arus
080 _a821.161.1
260 _aМ.
_c1960
650 7 _a82 Література. Літературознавство
_2UDC
999 _c348503
_d348503